000 00300nam a2200121Ia 4500
005 20251222143214.0
008 251222s9999||||xx |||||||||||||| ||spa||
082 _a370.1/M27
100 _aMas Trigoso, Wilfredo
245 0 _aHacia una PedagogĂ­a del Tercer Milenio
264 _bCharry
942 _cLIB
999 _c13543
_d13543